Texas in 1964: a one-partysState again (Record no. 502096)

000 -LEADER
fixed length control field 00361cam a22001217a 4500
008 - FIXED-LENGTH DATA ELEMENTS--GENERAL INFORMATION
fixed length control field 180718b1965 xxu||||| |||| 00| 0 eng d
082 ## - DEWEY DECIMAL CLASSIFICATION NUMBER
Classification number F51x764 T312/64
100 ## - MAIN ENTRY--PERSONAL NAME
Personal name Weeks,O. Douglas
245 ## - TITLE STATEMENT
Title Texas in 1964: a one-partysState again
Statement of responsibility, etc. by O.Douglas Weeks
260 ## - PUBLICATION, DISTRIBUTION, ETC.
Place of publication, distribution, etc. Austin
Name of publisher, distributor, etc. Institute of Public Affairs
Date of publication, distribution, etc. 1965
300 ## - PHYSICAL DESCRIPTION
Extent 35p.
650 ## - SUBJECT ADDED ENTRY--TOPICAL TERM
Topical term or geographic name entry element Texas - Politics
Holdings
Withdrawn status Lost status Damaged status Not for loan Permanent Location Current Location Date acquired Full call number Barcode Date last seen Price effective from Koha item type
        Indian Institute of Public Administration Indian Institute of Public Administration 2018-08-04 F51x764 T312/64 GR7077 2018-08-04 2018-08-04 GR

Powered by Koha